| 000 | 00000nam##2200000za#4500 |
| 001 | 9.687773 |
| 003 | CaOODSP |
| 005 | 20210624231128 |
| 007 | cr ||||||||||| |
| 008 | 150407|2005||||xxc|||||o f|0| 0 eng|d |
| 020 | |a0-662-41538-8 |
| 040 | |aCaOODSP|beng |
| 043 | |an-cn--- |
| 086 | 1 |aSC3-112/2005E-PDF |
| 110 | 2 |aPublic Service Commission of Canada. |
| 245 | 10|aPublic Service Commission of Canada - audit manual |h[electronic resource] |
| 260 | |aOttawa - Ontario : |bPublic Service Commission |cJanuary 2005. |
| 300 | |a96p.|bfigs. (some coloured), organization chart, tables |
| 500 | |aThe catalogue number (SC3-112/2005E) and ISBN (0-662-42679-7) for the print edition have been incorrectly copied in this electronic publication. |
| 590 | |a11-17-Supp|b2011-09-12 |
| 690 | 07|aAudit|2gcpds |
| 690 | 07|aHandbooks|2gcpds |
| 690 | 07|aPolicy|2gcpds |
| 775 | 08|tCommission de la fonction publique du Canada : manuel de vérification |w(CaOODSP)9.632215 |
| 856 | 40|ahttp://publications.gc.ca|qPDF|s481 KB|uhttps://publications.gc.ca/collections/collection_2011/cfp-psc/SC3-112-2005-eng.pdf |